logo

Bir Sreshtho Munshi Abdur Rouf Library
Jhenaidah Cadet College

Automatic Wealth / (Record no. 1846)

MARC details
000 -LEADER
fixed length control field 00574nam a2200229 a 4500
001 - CONTROL NUMBER
JCCL Control Number 1846
003 - CONTROL NUMBER IDENTIFIER
JCCL marc code BD-JhCC
005 - DATE AND TIME OF LATEST TRANSACTION
control field 20171025095441.0
008 - FIXED-LENGTH DATA ELEMENTS--GENERAL INFORMATION
fixed length control field 171025s2005 -cn |||| || | 001 0 eng d
020 ## - INTERNATIONAL STANDARD BOOK NUMBER
International Standard Book Number 047171027X
035 ## - SYSTEM CONTROL NUMBER
system control number (BD-JhCC)1846
040 ## - CATALOGING SOURCE
Original cataloging agency BD-JhCC
Modifying agency BD-JhCC
041 ## - LANGUAGE CODE
Language code of Book eng
082 ## - DEWEY DECIMAL CLASSIFICATION NUMBER
DDC Edition number 22
Classification number 332.02401
Author mark and Year MAS 2005
100 ## - MAIN ENTRY--PERSONAL NAME
Personal name Masterson, Michael
245 ## - TITLE STATEMENT
Title Automatic Wealth /
Statement of responsibility, etc Michael Masterson,
260 ## - PUBLICATION, DISTRIBUTION, ETC. (IMPRINT)
Place of publication, distribution, etc Canada :
Name of publisher, distributor, etc Jhon Wiley & Sons, Inc.
Date of publication, distribution, etc 2005
300 ## - PHYSICAL DESCRIPTION
Pagination 278 cm.
Dimensions 24 cm.
650 ## - SUBJECT ADDED ENTRY--TOPICAL TERM
Topical term or geographic name as entry element Business
942 ## - ADDED ENTRY ELEMENTS (KOHA)
Source of classification or shelving scheme Dewey Decimal Classification
Koha item type Books
Holdings
Source of classification or shelving scheme Damaged status Not for loan Home library Current library Shelving location Total Checkouts Full call number Barcode Date last seen Copy number Koha item type
Dewey Decimal Classification     JCC Rouf Library JCC Rouf Library General Stacks   332.02401 MAS 2005 3004 10/25/2017 C-1 Books

JCC Library | Contacts | JCC Home

Last Update on 23 September 2017
Copyright @ 2017-2020 JCC Rouf Library
Rouf Library, Jhenidah Cadet College (JCC), Bangladesh